000 00571nam a2200193Ia 4500
005 20250923145118.0
008 008 250917s9999 xx 000 0 eng d
037 _aTextual
040 _aDSWL
_beng
_cDSWL
041 _aeng
_2eng
084 _aYX;5-BG:8X, N66
_qDSWL
245 0 _aNew thinking about administration
_cby Association of social workers, London
260 _aLondon
_bAssociation of social workers
_c1966
300 _a60 p.
365 _aINR
_b5
925 _g5
942 _cTEXL
_hYX;5-BG:8X, N66
999 _c1447249
_d1447249